00414nam a22001217a 4500020001800000082002800018100003100046245009600077260004600173300002700219526003700246650000900283 a0-87262-984-8 a624.15bCARcN-01, P-97 aCarlton L, Ho and |Roman D aAdvances in site characterization date acquisition data management and data interpretation. aUSAbAmerican Society of Civil Engineers. a113 p. :bill. :c6 Cm a0b0c0d624_150000000000000_CAR aNUST